000 00316nam a2200109Ia 4500
008 171211s9999 xx 000 0 und d
245 2 _aA Critical Guide to Horror Film Series
245 _cKen Hanke
260 _c2013
650 _xEncyclopedia and Dictionary
856 _uhttp://down.ebook777.com/065/1138965421.pdf
999 _c350139
_d350139